Unification of game assets on the blockchain network

Uložené v:
Podrobná bibliografia
Hlavný autor: Hozza, Branislav (Autor)
Ďalší autori: Valaštín, Viktor (Vedúci práce)
Médium: Rukopis Kniha
Jazyk:Slovak
English
Vydavateľské údaje: 2025
Predmet:
On-line prístup:http://is.stuba.sk/zp/portal_zp.pl?podrobnosti=183588
Tagy: Pridať tag
Žiadne tagy, Buďte prvý, kto otaguje tento záznam!

MARC

LEADER 00000ntm a22000003a 4500
001 stuzp105819
003 SK-STU
005 20250607211722.8
007 ta
008 150427s2015----xo-----f-mn---000-0-slo-d
040 |a STU  |b slo 
041 0 |a eng 
100 1 |a Hozza, Branislav  |u 070400  |4 aut  |U FIIT Fakulta informatiky a informačných technológií  |T FIIT Ústav počítačového inžinierstva a aplikovanej informatiky  |X 110798  |U I400  |Y 672  |7 110798 
242 0 1 |a Unifikácia a manažment herných aktív v blockchainovej sieti  |y slo 
245 1 0 |a Unification of game assets on the blockchain network 
260 |c 2025 
650 4 |a games  |2 eng 
650 4 |a ethereum  |2 eng 
650 4 |a blockchain  |2 eng 
650 4 |a hry  |2 slo 
650 4 |a ethereum  |2 slo 
650 4 |a blockchain  |2 slo 
700 1 |a Valaštín, Viktor  |u 070400  |k Z9  |4 ths  |U FIIT Fakulta informatiky a informačných technológií  |T FIIT Ústav počítačového inžinierstva a aplikovanej informatiky  |X 86058  |U I400  |Y 672  |7 86058 
856 4 |u http://is.stuba.sk/zp/portal_zp.pl?podrobnosti=183588